| 000 | 00447nam a2200181Ia 4500 | ||
|---|---|---|---|
| 003 | GCL | ||
| 008 | 140319s9999 xx 000 0 eng d | ||
| 040 |
_aGCL / _cGCL |
||
| 082 | 0 | 4 |
_a372.87 _bN T |
| 100 | 1 | _aNEUMAN, GRANT | |
| 245 | 1 | 0 |
_aTEACHING CHILDREN MUSIC / _cNEUMAN, GRANT |
| 260 |
_a[S.N] : _bWCB BROWN & BENCHANARK ، _c1995 |
||
| 300 | _a382 P P | ||
| 650 | 0 | 4 | _aTEACHING |
| 650 | 0 | 4 | _aCHILDREN |
| 650 | 0 | 4 | _aMUSIC |
| 942 |
_2ddc _cBK |
||
| 999 |
_c11955 _d11955 |
||